000 00473nam a2200133 4500
999 _c8276
_d8276
008 180112b xxu||||| |||| 00| 0 eng d
082 _aDPer 050 Dec 2015-Mar 2016 T48 v.186-187
100 _925598
_aElliot, Philip.
245 _aHow Ted Cruz is winning the GOP race-on the ground/
_cPhilip Elliot.
260 _aNew York :
_bTime Inc.,
_c©Dec 2015-Mar 2016.
300 _av186 n27-28, pages 7-8:
_cillustrations;
_b27 cm.
650 0 _925599
_aPolitics.
942 _2ddc
_cPER